| 000 | 00965cab a2200181 4500 | ||
|---|---|---|---|
| 001 | ##L133587 | ||
| 008 | 060522n2006 000 0 eng u | ||
| 035 | _a(Sirsi) u133587 | ||
| 041 | 0 | _aeng | |
| 100 | 1 | _aMcCormick, Helen | |
| 245 | 0 | 2 | _aA near-miss mission |
| 260 | _c2006 | ||
| 490 | 0 |
_aContract Journal _v433(6575) 17 May 2006, 51(1) |
|
| 520 | _aLooks at the near-miss accident reporting scheme operated by Morrison. Based on the Bird Triangle, a ratio used by the HSE to predict accident rates, all Morrison's staff have been issued with near-miss cards, which allow them to report trips, falls and spillages, lifting and carrying, and other incidents. After trend analysis, storyboards illustrating a number of near-miss scenarios have been issued to staff in an effort to raise their awareness levels. | ||
| 590 | _aIKA230506 | ||
| 690 | _aMANAGEMENT-HEALTH AND SAFETY-HEALTH AND SAFETY RISK MANAGEMENT-HEALTH AND SAFETY RISK PLANNING | ||
| 942 | _n0 | ||
| 999 |
_c77094 _d77094 |
||